No outlaws in the gender galaxy/ (Record no. 95154)

MARC details
000 -LEADER
fixed length control field 00710nam a22002297a 4500
005 - DATE AND TIME OF LATEST TRANSACTION
control field 20240620122257.0
010 ## - LCCN (DPL NO)
LC control number ENG-113630
020 ## - INTERNATIONAL STANDARD BOOK NUMBER
Terms of availability 425.00
International Standard Book Number 9789384757687
035 ## - SYSTEM CONTROL NUMBER
System control number EN-97162
037 ## - SOURCE OF ACQUISITION
Source of stock number/acquisition DBAD/PUB
082 ## - DEWEY DECIMAL CLASSIFICATION NUMBER
Classification number 305.30954
100 ## - MAIN ENTRY--PERSONAL NAME
Personal name Shah, Chayanika
245 ## - TITLE STATEMENT
Title No outlaws in the gender galaxy/
Statement of responsibility, etc By Chayanika Shah...[et al]
260 ## - PUBLICATION, DISTRIBUTION, ETC. (IMPRINT)
Place of publication, distribution, etc New Delhi
Name of publisher, distributor, etc Zubaan
Date of publication, distribution, etc 2015
270 ## - ADDRESS
Address 128B Shahpur Jat, 1st Floor
City New Delhi
Postal code 110049
300 ## - PHYSICAL DESCRIPTION
Extent xxx,250p.
Dimensions 21cm(pbk)
500 ## - GENERAL NOTE
General note Includes bibliographical references
700 ## - ADDED ENTRY--PERSONAL NAME
Personal name Merchant, Raj
9 (RLIN) 67612
700 ## - ADDED ENTRY--PERSONAL NAME
Personal name Mahajan, Shals
9 (RLIN) 67613
700 ## - ADDED ENTRY--PERSONAL NAME
Personal name Nevetia, Smriti
9 (RLIN) 67614
942 ## - ADDED ENTRY ELEMENTS (KOHA)
Source of classification or shelving scheme Dewey Decimal Classification
Item type English Books
Classification part 305.30954
Call number suffix SHA
Holdings
Withdrawn status Lost status Not for loan Collection code Home library Current library Date acquired Source of acquisition Cost, normal purchase price Full call number Barcode Copy number Cost, replacement price Koha item type
      Non-fiction Central Library Central Library 21/07/2015 DBAD 425.00 305.30954 SHA EN-97162 1 425.00 English Books

© Delhi Public Library
Hit Counter
free hit counter